[Event "SUI-ch U14"]
[Site "Geneve"]
[Date "2013.06.30"]
[Round "7"]
[White "Von Willich, Maximilian"]
[Black "Sriram, Pranav"]
[Result "0-1"]
[WhiteElo "1776"]
[BlackElo "1602"]
[PlyCount "100"]
[EventDate "2013.06.27"]
[EventType "swiss"]
[EventRounds "7"]
[EventCountry "SUI"]
[SourceTitle "EXT 2014"]
[Source "ChessBase"]
[SourceDate "2013.11.20"]
[SourceVersion "1"]
[SourceVersionDate "2013.11.20"]
[SourceQuality "1"]

1. e4 c5 2. Nf3 d6 3. d4 cxd4 4. Nxd4 Nf6 5. Nc3 a6 6. Be3 e5 7. Nb3 Be6 8. f3 Nbd7 9. Qd2 Be7 10. Be2 b5 11. 0-0-0 0-0 12. Nd5 Bxd5 13. exd5 Nb6 14. Bxb6 Qxb6 15. Na5 Rac8 16. Qb4 Qe3+ 17. Qd2 Nxd5 18. Kb1 Qb6 19. Qxd5 Qxa5 20. c4 Rc5 21. Qb7 Rc7 22. Qd5 Qb6 23. cxb5 axb5 24. Qxb5 Qa7 25. Rhf1 Ra8 26. Qb3 Rb8 27. Qd3 Ra8 28. Qb3 Rb7 29. Qd5 Rab8 30. Rd2 Qa3 31. b3 Rxb3+ 32. axb3 Rxb3+ 33. Qxb3 Qxb3+ 34. Rb2 Qe3 35. Rc1 h6 36. Rc8+ Kh7 37. h3 Bf6 38. Rbc2 e4 39. Bc4 Qg1+ 40. Rc1 Qb6+ 41. Kc2 Qb2+ 42. Kd1 Bg5 43. Rc2 Qb1+ 44. Ke2 Qxc2+ 45. Kf1 Qd1+ 46. Kf2 Qd2+ 47. Kf1 Bh4 48. g3 Bxg3 49. Be2 Qe1+ 50. Kg2 Qf2+ 0-1

[Event "SUI-ch U14"]
[Site "Geneve"]
[Date "2013.06.29"]
[Round "5"]
[White "Megret, Jean"]
[Black "Von Willich, Maximilian"]
[Result "1-0"]
[WhiteElo "1664"]
[BlackElo "1776"]
[PlyCount "73"]
[EventDate "2013.06.27"]
[EventType "swiss"]
[EventRounds "7"]
[EventCountry "SUI"]
[SourceTitle "EXT 2014"]
[Source "ChessBase"]
[SourceDate "2013.11.20"]
[SourceVersion "1"]
[SourceVersionDate "2013.11.20"]
[SourceQuality "1"]

1. e4 c5 2. Nf3 d6 3. d4 cxd4 4. Nxd4 Nf6 5. Nc3 e6 6. Be3 Be7 7. f3 Nc6 8. Qd2 0-0 9. 0-0-0 a6 10. Kb1 Nxd4 11. Bxd4 b5 12. g4 Bb7 13. h4 Nd7 14. g5 Ne5 15. Bxe5 dxe5 16. Qg2 Qb6 17. h5 b4 18. Na4 Qc7 19. g6 h6 20. gxf7+ Rxf7 21. b3 Bg5 22. Bc4 Bc8 23. Qf2 Rb8 24. Rd3 Be7 25. Rhd1 Kf8 26. Qg1 Kg8 27. Qf2 Qc6 28. Qe3 Bb7 29. Rg1 Rbf8 30. Qxh6 Bc8 31. Qg6 Kh8 32. Rd2 Bc5 33. Nxc5 Qxc5 34. h6 gxh6 35. Qxh6+ Rh7 36. Qxh7+ Kxh7 37. Rh2# 1-0

[Event "SUI-ch U12"]
[Site "St Ursanne"]
[Date "2011.07.02"]
[Round "5"]
[White "Wolf, Lorenz"]
[Black "Von Willich, Maximilian"]
[Result "0-1"]
[WhiteElo "1629"]
[BlackElo "1583"]
[PlyCount "104"]
[EventDate "2011.06.30"]
[EventType "swiss"]
[EventRounds "7"]
[EventCountry "SUI"]
[SourceTitle "EXT 2012"]
[Source "ChessBase"]
[SourceDate "2011.11.24"]
[SourceVersion "1"]
[SourceVersionDate "2011.11.24"]
[SourceQuality "1"]

1. Nf3 Nf6 2. c4 a6 3. Nc3 e6 4. d4 d5 5. cxd5 exd5 6. Bg5 Be7 7. e3 Bf5 8. Bd3 Bg6 9. Bxg6 hxg6 10. Bxf6 Bxf6 11. Qb3 Nc6 12. Nxd5 Na5 13. Nxf6+ gxf6 14. Qc3 Nc6 15. 0-0 0-0 16. Rac1 Rc8 17. Rfe1 Re8 18. e4 Qd6 19. Rcd1 Rcd8 20. e5 fxe5 21. dxe5 Qxd1 22. Rxd1 Rxd1+ 23. Ne1 Rxe5 24. Kf1 Rdxe1+ 25. Qxe1 Rxe1+ 26. Kxe1 Kg7 27. Kd2 Kf6 28. Kd3 Nb4+ 29. Kd2 Nxa2 30. Ke3 Nb4 31. g3 g5 32. f3 Kf5 33. b3 Nc2+ 34. Kd2 Na3 35. Ke3 c5 36. Kd3 b5 37. Kc3 b4+ 38. Kd3 g4 39. fxg4+ Kxg4 40. h4 f5 41. Ke3 Nc2+ 42. Kd3 Na1 43. Kc4 a5 44. Kxc5 Nxb3+ 45. Kb5 Nc5 46. Kc4 b3 47. Kc3 a4 48. Kb2 Nd3+ 49. Kb1 a3 50. h5 Kxh5 51. Ka1 Kg4 52. Kb1 Kxg3 0-1